English Football Champions (Unified) - Statistics

General Stats
  • This quiz has been taken 40 times
  • The average score is 20 of 24
Answer Stats
Hint Answer % Correct
πŸ† 14 titles | 2026 Arsenal F.C.
100%
πŸ† 6 titles | 2017 Chelsea F.C.
100%
πŸ† 20 titles | 2025 Liverpool F.C.
100%
πŸ† 10 titles | 2024 Manchester City F.C.
100%
πŸ† 20 titles | 2013 Manchester United F.C.
100%
πŸ† 7 titles | 1981 Aston Villa F.C.
97%
πŸ† 3 titles | 1995 Blackburn Rovers F.C.
97%
πŸ† 1 title | 2016 Leicester City F.C.
97%
πŸ† 4 titles | 1927 Newcastle United F.C.
97%
πŸ† 9 titles | 1987 Everton F.C.
94%
πŸ† 2 titles | 1961 Tottenham Hotspur F.C.
94%
πŸ† 3 titles | 1992 Leeds United F.C.
91%
πŸ† 1 title | 1978 Nottingham Forest F.C.
88%
πŸ† 6 titles | 1936 Sunderland A.F.C.
88%
πŸ† 3 titles | 1959 Wolverhampton Wanderers F.C.
84%
πŸ† 2 titles | 1960 Burnley F.C.
75%
πŸ† 2 titles | 1890 Preston North End F.C.
75%
πŸ† 2 titles | 1975 Derby County F.C.
72%
πŸ† 1 title | 1898 Sheffield United F.C.
72%
πŸ† 4 titles | 1930 Sheffield Wednesday F.C.
72%
πŸ† 1 title | 1962 Ipswich Town F.C.
69%
πŸ† 3 titles | 1926 Huddersfield Town A.F.C.
66%
πŸ† 2 titles | 1950 Portsmouth F.C.
63%
πŸ† 1 title | 1920 West Bromwich Albion F.C.
53%
No matching quizzes found
Score Distribution
Percent of People with Each Score
Percentile by Number Answered
Your Score History
You have not taken this quiz